000 01173nam a2200313 i 4500
001 000018611
003 DO-SdBNP
005 20250224110734.0
007 ta
008 100512s2009 dr 000 0 spa d
040 _aDO-SdBNP
_bspa
_cBNPHU
_erda
082 4 _aR-DS 345.03
_bC352L 2009
_222
100 1 _aCastillo Alcántara, Luis Francisco,
_eautor
_4aut.
_940221
245 1 0 _aLéxico jurídico procesal penal /
_cLuis Francisco Castillo A. ; prólogo, Tomás B. Castro Monegro.
250 _asegunda edición
264 1 _aSanto Domingo :
_bEditora Centenario,
_c2009.
300 _a234 páginas ;
_c24 cm.
336 _2rdacontent
_atexto
_btxt
337 _2rdamedia
_asin mediación
_bn
338 _2rdacarrier
_avolumen
_bnc
500 _aIncluye datos biográficos del autor en la solapa de la cubierta
504 _aBibliografía : páginas 232-234.
590 _aInventariado, 2024/BT
650 4 _aProcedimiento penal
_xDiccionarios
_940222
650 4 _aAdministración de justicia penal
_xDiccionarios
_940223
700 1 _aCastro Monegro, Tomás B.,
_d1959-
_eprologuista
_4pr.
_924641
910 _aValidado. Control de calidad EMS
942 _2ddc
_cLBS1
999 _c18131
_d18131